Multi-Category Tensomes Quiz Stats

 Plays Quiz Updated Jul 22, 2019

Score 0/150 Timer 18:00
4 Plays Today
% Correct
110m Hurdles
98.1%
100m
97.9%
1500m
97.9%
400m
97.8%
High Jump
94.8%
Long Jump
94.6%
British Columbia
94.5%
Alberta
94.4%
Javelin Throw
94.1%
Nova Scotia
93%
Ontario
93%
New Brunswick
92.9%
Quebec
92.9%
Pole Vault
92.4%
Newfoundland and Labrador
92.3%
Saskatchewan
91.8%
Shot Put
91.8%
Bumble
91.5%
Crumble
91.2%
Discus
91.2%
Manitoba
91.2%
Mumble
91.1%
Humble
91%
Fumble
90.9%
Rumble
90.9%
Tumble
90.7%
Grumble
90.7%
Prince Edward Island
90.7%
Stumble
89.7%
Scumble
89.1%
Free Speech
88.5%
Free Press
88.2%
Free Assembly
87.9%
Ju
87.8%
Shi
87.6%
Ichi
87.5%
Kyu
87.4%
Ni
87.4%
Calcite
87%
Andy Bernard
86.9%
Angela Martin
86.6%
Dwight Schrute
86.5%
Quartz
86.4%
Christmas Day
86.2%
Connecticut Avenue
86.2%
Columbus Day
86.1%
Diamond
86.1%
Topaz
86.1%
Shichi
86%
Baltic Avenue
85.9%
% Correct
Fluorite
85.9%
Grumpy Old Men
85.8%
Grumpier Old Men
85.8%
Thanksgiving Day
85.7%
Veterans Day
85.6%
New Year's Day
85.6%
Independence Day
85.5%
Memorial Day
85.5%
San
85.3%
First Aid Supplies
85.2%
A Beautiful Mind
85%
Talc
84.8%
Washington's Birthday
84.7%
Roku
84.7%
Oriental Avenue
84.7%
Great Expectations
84.7%
Mediterranean Avenue
84.7%
Community Chest
84.7%
Hachi
84.5%
Labor Day
84.4%
MLK's Birthday
84.2%
Jim Halpert
84.1%
Brokeback Mountain
83.9%
Vermont Avenue
83.7%
Gypsum
83.6%
Trial by Jury
83.6%
Pam Beesly
83.2%
Kevin Malone
83.2%
The Odd Couple
82.4%
Emergency Shelter
82.4%
Apatite
82.3%
Power Reserved to States
82.2%
Jail/Just Visiting
82.2%
Locusts
81.9%
The Odd Couple II
81.8%
Meredith Palmer
81.6%
Speedy Trial
81.5%
Oliver Twist
81.5%
Hydration
81.5%
Bear Arms
81.4%
Boils
80.9%
Lice or Gnats
80.4%
Sun Protection
80.2%
David Copperfield
80.2%
Reading Railroad
80.1%
Unreasonable Searches
79.9%
The Aviator
79.9%
Fire
79.6%
Stanley Hudson
79.2%
Nutrition
79.1%
% Correct
Flies
79.1%
Oscar Martinez
79%
Disease of Livestock
78.7%
Navigation
78.7%
Barnaby Rudge
78.2%
Bleak House
77.9%
Death of First-born Egyptian Children
77.9%
The Lord of the Rings:Return of the King
77.7%
Cruel and Unusual Punishment
77.7%
Repair Kit and Tools
76.6%
Slumdog Millionaire
76.2%
Insulation
75.9%
Nicholas Nickelby
75.5%
Income Tax
75.1%
Hail and Fire
75.1%
Chance
74.8%
Avatar
74.7%
Corundum
74.3%
Water to Blood
74.2%
Darkness
72%
Hard Times
71.5%
Amphibians
69.7%
The Great Gig in the Sky
69%
Little Dorrit
68.9%
Gladiator
68.4%
Any Colour You Like
67.9%
Double Jeopardy
67.1%
Go
67%
Illumination
67%
Creed Bratton
66.2%
Brain Damage
63.3%
Atonement
62.2%
Martin Chuzzlewit
61.8%
The Fortune Cookie
60.9%
Buddy Buddy
59.8%
Orthoclase Feldspar
59.4%
Us and Them
55.3%
Breathe
53.9%
Eclipse
52.5%
On the Run
52.4%
Speak to Me
50.3%
The Front Page
50.2%
Money
48%
The Hours
47.9%
Out to Sea
47.3%
The Chimes
45.3%
The Grass Harp
44.2%
Time
42.2%
Babel
42.1%
JFK
27.8%

You're not logged in!

Compare scores with friends on all Sporcle quizzes.
OR
Log In

Sporcle TV

Today on Sporcle TV


Watch our educational content, quiz creation guides, and fun videos on Sporcle TV.

Show Comments

Extras

Top Quizzes Today


Score Distribution

Your Account Isn't Verified!

In order to create a playlist on Sporcle, you need to verify the email address you used during registration. Go to your Sporcle Settings to finish the process.

Report this User

Report this user for behavior that violates our Community Guidelines.

Details: